000 00678nam a2200253Ia 4500
003 OSt
005 20220924120712.0
006 a|||||r|||| 00| 0
007 ta
008 220923b |||||||| |||| 00| 0 urd d
024 _a44811
037 _cTextual
040 _aARTS
_cARTS
_burd
041 _2urd
_aurd
082 _aO168vN9, 111N2
100 _aRussell Ralph
_914312
245 0 _aPursuit of Urdu literature
_b a select history
260 _aDelhi
_bOUP
_c1992
300 _a285p.
_ccm.
500 _aIncludes index
650 _aENGLISH LITERATURE
942 _hO168vN9, 111N2
_cTEXL
_2CC
999 _c403925
_d403925